Statistics for Chuck Chicanery Monologue

Click here to take the quiz!

General Stats

  • This quiz has been taken 512 times
  • The average score is 142 of 180

Answer Stats

% Correct
I
99%
a
96%
No!
95%
He -
94%
he
94%
He
94%
NOT
92%
not
92%
am
90%
AM
90%
CRAZY!
90%
crazy!
90%
him.
90%
him!
90%
him
90%
it
89%
It
89%
it.
89%
You
89%
you -
89%
you
89%
You -
89%
the
88%
to
88%
Jimmy!
87%
know
86%
could
85%
chicanery?
84%
was
84%
be
83%
ever
83%
Ever
83%
have.
82%
have
82%
that?
82%
That
82%
that
82%
This
82%
This?
82%
this
82%
those
82%
And
80%
Carta.
80%
Magna
80%
numbers!
80%
1216.
79%
is
79%
just
79%
just -
79%
One
79%
sunroof!
79%
swapped
79%
think
79%
through
79%
after
78%
couldn't
78%
Couldn't
78%
defecated
78%
knew
78%
stop
78%
if
77%
never
77%
Never.
77%
Never!
77%
his
76%
for
75%
precious
75%
like
74%
make
74%
mistake.
74%
orchestrated
74%
What
74%
lawyer?!
73%
lie
73%
our
73%
As
72%
But
72%
fall
72%
such
72%
at
71%
got
71%
joke!
71%
bad?
70%
man
70%
my
70%
of
70%
prove
70%
shop
70%
sick
70%
cash
68%
copy
68%
gets
68%
happens
68%
when
68%
change.
67%
change!
67%
hands
67%
keep
67%
saved
67%
since
67%
had
66%
idiot
66%
shouldn't
66%
them
66%
billboard!
65%
drawer!
65%
blind!
64%
firm!
64%
He's
64%
me
64%
out
64%
worse.
64%
done
63%
nine,
63%
own
63%
Stealing
63%
always
61%
chance!
61%
He'll
60%
into
60%
stopped
60%
covered
59%
thinking?
59%
took
59%
tracks,
59%
should've
55%
same!
54%
Are
53%
something?
53%
telling
51%

Score Distribution

Percentile by Number Answered

Percent of People with Each Score

Your Score History

You have not taken this quiz